| Tag |
First Indicator |
Second Indicator |
Subfields |
| LEADER |
00000cam a2200000 a 4500 |
| 001 |
in00000011762 |
| 005 |
20160125104231.0 |
| 008 |
870310s1987 caua 00110 eng |
| 010 |
|
|
|a 87060797
|
| 020 |
|
|
|a 0895884224 (pbk.) :
|c $19.95
|
| 035 |
|
|
|a (OCoLC)16261016
|
| 035 |
|
|
|9 AAA4307AM
|
| 040 |
|
|
|a DLC
|c DLC
|d TXA
|d UtOrBLW
|
| 049 |
|
|
|a TXAM
|c [A11041587]
|
| 050 |
0 |
0 |
|a HF5548.4.L68
|b C35 1987
|
| 082 |
0 |
|
|a 005.36/9
|2 19
|
| 100 |
1 |
|
|a Campbell, Mary V.
|
| 245 |
1 |
0 |
|a Mastering Lotus HAL /
|c Mary V. Campbell.
|
| 264 |
|
1 |
|a San Francisco :
|b Sybex,
|c [1987]
|
| 264 |
|
4 |
|c ©1987
|
| 300 |
|
|
|a xxi, 342 pages :
|b illustrations ;
|c 23 cm.
|
| 336 |
|
|
|a text
|b txt
|2 rdacontent
|
| 337 |
|
|
|a unmediated
|b n
|2 rdamedia
|
| 338 |
|
|
|a volume
|b nc
|2 rdacarrier
|
| 500 |
|
|
|a Includes index.
|
| 630 |
0 |
0 |
|a Lotus HAL.
|
| 650 |
|
0 |
|a Business
|x Computer programs.
|
| 999 |
|
|
|a MARS
|
| 999 |
f |
f |
|s 49555e70-5e00-3912-8b40-8dfa7c32841e
|i 4e42d218-410f-32a5-b905-ee2e0718a1b0
|t 0
|
| 952 |
f |
f |
|p ric
|a Texas A&M University
|b Rellis Campus
|c Joint Library Facility
|d Remote Storage
|t 0
|e HF5548.4.L68 C35 1987
|h Library of Congress classification
|i unmediated -- volume
|m A14811041587
|
| 998 |
f |
f |
|a HF5548.4.L68 C35 1987
|t 0
|l Remote Storage
|